000 01701nam a22001817a 4500
005 20210414113920.0
008 120227t xxu||||| |||| 00| 0 eng d
020 _a0072535253 0072866586
050 _aHD58.7.K766
100 _aKreitner, Robert
245 _aOrganizational behaviour /
_c Robert Kreitner and Angelo Kinicki
250 _a6th.
260 _aBoston:
_bIrwin,
_c2004.
300 _axxix, 710 p.:
_bill;
_c26cm.
505 _aContents: The World of organizational behavior: Organizational behavior: Developing people-centered organizations skills -- Learning module A: Ethics and organizational behavior -- Managing diversity: Releasing every employee's potential -- Organizational culture, socialization and mentoring -- International OB: Managing across cultures -- Individual behavior in organizations: Individual differences: Self-concept, personality and emotions -- Values, attitudes, abilities and job satisfaction -- Social perception and attributions -- Motivation through needs, jobs design and intrinsic rewards -- Motivation through equity, expectancy and goal setting -- Improving job performance with feedback extrinsic rewards and positive reinforcement -- Learning module B: Performance appraisal -- Group and social processes : Individual and group decision making -- Group dynamics -- Teams and teamwok for the 21st century -- Managing conflict and negotiation -- Organizational communication in the internet age -- Influence tactics, empowerment and politics -- Leadership -- Creating effective organizations -- Managing change and stress -- Learning module C: Research methods in organizational behavior
650 _aOrganizational behavior.
942 _2lcc
_cBK
999 _c619
_d8119